000 00557nam a2200193Ia 4500
005 20250508165854.0
008 008 250505s9999 xx 000 0 eng d
037 _aTheses
040 _aFEDL
_beng
_cFEDL
041 _aeng
_2eng
084 _a371.1, KHU/TH
_qFEDL
100 _aKhurana Priya
_9553022
245 0 _aContinuous professional development of science teachers
260 _c2017
300 _axxi, 381p.
546 _aPh.D Thesis (Delhi University); C D Included
942 _cTH
_h371.1, KHU/TH
999 _c1397911
_d1397911